[Event "Thessaloniki Vardaris op 6th"]
[Site "Thessaloniki"]
[Date "2020.03.02"]
[Round "7"]
[White "Yordanov, Nikolay"]
[Black "Dritsas, Stavros Nikolaos"]
[Result "0-1"]
[WhiteElo "2102"]
[BlackElo "1754"]
[PlyCount "58"]
[EventDate "2020.02.27"]
[EventType "swiss"]
[EventRounds "7"]
[EventCountry "GRE"]
[SourceTitle "CBM 195 Extra"]
[Source "ChessBase"]
[SourceDate "2020.05.31"]
[SourceVersion "1"]
[SourceVersionDate "2020.05.31"]
[SourceQuality "1"]

1. e4 e5 2. Nf3 Nc6 3. d4 exd4 4. Nxd4 Nf6 5. Nxc6 bxc6 6. e5 Qe7 7. Qe2 Nd5 8. h4 d6 9. c4 Nb4 10. a3 Na6 11. exd6 cxd6 12. Be3 Nc5 13. Bxc5 dxc5 14. g3 Rb8 15. Ra2 g6 16. Nc3 Bg7 17. Bg2 Qxe2+ 18. Kxe2 Kd7 19. Rd1+ Kc7 20. Na4 Be6 21. Rc1 Bd4 22. Kf1 Rhe8 23. Kg1 Bf5 24. Bf1 Re3 25. Nxc5 Bxc5 26. b4 Bd4 27. Rd1 Rxg3+ 28. Kh2 Rg4 29. f3 Be5+ 0-1

[Event "Thessaloniki Vardaris op 6th"]
[Site "Thessaloniki"]
[Date "2020.03.01"]
[Round "6"]
[White "Hadzimanolis, Antonios"]
[Black "Yordanov, Nikolay"]
[Result "1/2-1/2"]
[WhiteElo "2221"]
[BlackElo "2102"]
[PlyCount "44"]
[EventDate "2020.02.27"]
[EventType "swiss"]
[EventRounds "7"]
[EventCountry "GRE"]
[SourceTitle "CBM 195 Extra"]
[Source "ChessBase"]
[SourceDate "2020.05.31"]
[SourceVersion "1"]
[SourceVersionDate "2020.05.31"]
[SourceQuality "1"]

1. e4 d5 2. exd5 Nf6 3. d4 Bg4 4. Bb5+ Nbd7 5. f3 Bf5 6. Nc3 a6 7. Ba4 b5 8. Bb3 Nb6 9. Nge2 Nbxd5 10. Nxd5 Nxd5 11. 0-0 e6 12. Ng3 Bg6 13. f4 f5 14. Re1 Kf7 15. Qe2 Qd7 16. a4 b4 17. c4 bxc3 18. bxc3 Rb8 19. Rb1 Bd6 20. Qf3 Rxb3 21. Rxb3 Qxa4 22. Rb2 Qc4 1/2-1/2

[Event "Belgrade Trophy 33rd"]
[Site "Belgrade"]
[Date "2019.12.02"]
[Round "9"]
[White "Yordanov, Nikolay"]
[Black "Damjanovic, Vuk"]
[Result "1/2-1/2"]
[WhiteElo "2091"]
[BlackElo "2294"]
[PlyCount "58"]
[EventDate "2019.11.24"]
[EventType "swiss"]
[EventRounds "9"]
[EventCountry "SRB"]
[SourceTitle "CBM 193 Extra"]
[Source "ChessBase"]
[SourceDate "2020.01.31"]
[SourceVersion "1"]
[SourceVersionDate "2020.01.31"]
[SourceQuality "1"]

1. e4 c5 2. c3 d5 3. exd5 Qxd5 4. d4 Nf6 5. Nf3 e6 6. a3 Be7 7. Be3 0-0 8. dxc5 Qxd1+ 9. Kxd1 a5 10. Nbd2 Ng4 11. b4 axb4 12. cxb4 Nc6 13. b5 Nxe3+ 14. fxe3 Na5 15. Rc1 Rd8 16. Ke1 Bd7 17. Bd3 Rdc8 18. Ke2 Bxc5 19. a4 Be8 20. Ng5 h6 21. Nge4 Ba3 22. Rxc8 Rxc8 23. Rb1 f5 24. Nf2 b6 25. h3 g6 26. g4 Kf7 27. gxf5 gxf5 28. e4 Kf6 29. exf5 exf5 1/2-1/2

[Event "Paracin Summer op-B 11th"]
[Site "Paracin"]
[Date "2018.07.13"]
[Round "9"]
[White "Yordanov, Nikolay"]
[Black "Radisavljevic, Dalibor"]
[Result "1-0"]
[WhiteElo "2088"]
[BlackElo "1967"]
[PlyCount "69"]
[EventDate "2018.07.06"]
[EventType "swiss"]
[EventRounds "9"]
[EventCountry "SRB"]
[SourceTitle "EXT 2019"]
[Source "ChessBase"]
[SourceDate "2018.10.10"]
[SourceVersion "1"]
[SourceVersionDate "2018.10.10"]
[SourceQuality "1"]

1. e4 c5 2. c3 d6 3. d4 Nf6 4. f3 Nc6 5. Be3 cxd4 6. cxd4 g6 7. Nc3 Bg7 8. Qd2 0-0 9. Nge2 Bd7 10. g4 Qa5 11. Bh6 b5 12. Bxg7 Kxg7 13. h4 b4 14. Nd1 h5 15. g5 Ne8 16. b3 Bc8 17. Rc1 Qb6 18. Ne3 Ba6 19. Nd5 Qb7 20. Nef4 Bxf1 21. Rxf1 a5 22. Rc4 e6 23. Nf6 Na7 24. Rg1 Rh8 25. Qg2 Nb5 26. N6xh5+ Rxh5 27. Qg4 Nec7 28. Nxh5+ gxh5 29. Qxh5 Rh8 30. Qg4 d5 31. Qf4 dxc4 32. Qf6+ Kf8 33. g6 Ne8 34. Qxh8+ Ke7 35. gxf7 1-0

[Event "Veliko Tarnovo 90th"]
[Site "Veliko Tarnovo"]
[Date "2017.02.10"]
[Round "7"]
[White "Pantev, Veselin"]
[Black "Yordanov, Nikolay"]
[Result "1-0"]
[WhiteElo "2430"]
[BlackElo "2144"]
[PlyCount "65"]
[EventDate "2017.02.06"]
[EventType "tourn"]
[EventRounds "9"]
[EventCountry "BUL"]
[EventCategory "6"]
[SourceTitle "CBM 176 Extra"]
[Source "ChessBase"]
[SourceDate "2017.03.02"]
[SourceVersion "1"]
[SourceVersionDate "2017.03.02"]
[SourceQuality "1"]

1. d4 d5 2. c4 Bf5 3. Nc3 e6 4. Nf3 Nc6 5. Bf4 Bd6 6. Bg3 Bxg3 7. hxg3 Nf6 8. e3 0-0 9. Be2 Re8 10. cxd5 exd5 11. Qb3 Rb8 12. Rc1 Be4 13. Nxe4 Nxe4 14. Bb5 Re6 15. Bd3 h6 16. a3 Ne7 17. Ne5 f6 18. Bxe4 fxe5 19. dxe5 Rxe5 20. Bb1 c6 21. Qd3 Qb6 22. Qh7+ Kf7 23. b4 Rf8 24. 0-0 Rg5 25. Rcd1 Ng8 26. Rd4 Nf6 27. Rf4 Qc7 28. Qd3 Kg8 29. Rc1 Ne4 30. Qd4 Nd6 31. Qxa7 Rxf4 32. gxf4 Rh5 33. Bg6 1-0

[Event "Veliko Tarnovo 90th"]
[Site "Veliko Tarnovo"]
[Date "2017.02.09"]
[Round "6"]
[White "Yordanov, Nikolay"]
[Black "Erdogdu, Mert"]
[Result "0-1"]
[WhiteElo "2144"]
[BlackElo "2453"]
[PlyCount "111"]
[EventDate "2017.02.06"]
[EventType "tourn"]
[EventRounds "9"]
[EventCountry "BUL"]
[EventCategory "6"]
[SourceTitle "CBM 176 Extra"]
[Source "ChessBase"]
[SourceDate "2017.03.02"]
[SourceVersion "1"]
[SourceVersionDate "2017.03.02"]
[SourceQuality "1"]

1. e4 d5 2. exd5 Qxd5 3. Nc3 Qd6 4. d4 Nf6 5. Bc4 c6 6. Nge2 Bf5 7. Bf4 Qb4 8. Bb3 e6 9. 0-0 Be7 10. Bc7 Bd8 11. Bxd8 Kxd8 12. Ng3 Bg6 13. f4 Nbd7 14. f5 exf5 15. Nxf5 Kc7 16. a3 Qf8 17. d5 Rd8 18. dxc6 Qc5+ 19. Kh1 bxc6 20. Qf3 Ne5 21. Qf4 Nh5 22. Qb4 Qxb4 23. axb4 Kb8 24. Ne4 Rhe8 25. Ned6 Bxf5 26. Nxf5 g6 27. Ne3 f5 28. Nc4 Nf6 29. Nxe5 Rxe5 30. Rad1 Rxd1 31. Rxd1 Re4 32. h3 Kc7 33. Ra1 Kb7 34. Rd1 Kc7 35. Ra1 Kb6 36. Rd1 Rxb4 37. Rd6 Ne4 38. Rd7 h5 39. Rg7 g5 40. Rg6 Kc5 41. Be6 g4 42. hxg4 hxg4 43. Kh2 g3+ 44. Kh3 f4 45. b3 Kd4 46. Bc4 Rb7 47. Kg4 Ke3 48. Re6 Rg7+ 49. Kh4 Rh7+ 50. Kg4 Rg7+ 51. Kh4 Kd4 52. Be2 Nd2 53. Rf6 Ke3 54. Bd1 Re7 55. Kg4 Ne4 56. Rxf4 0-1

[Event "Zadar op-B 23rd"]
[Site "Zadar"]
[Date "2016.12.17"]
[Round "9"]
[White "Totic, Zeljko"]
[Black "Yordanov, Nikolay"]
[Result "0-1"]
[WhiteElo "1968"]
[BlackElo "2146"]
[PlyCount "86"]
[EventDate "2016.12.11"]
[EventType "swiss"]
[EventRounds "9"]
[EventCountry "CRO"]
[SourceTitle "CBM 176 Extra"]
[Source "ChessBase"]
[SourceDate "2017.03.02"]
[SourceVersion "1"]
[SourceVersionDate "2017.03.02"]
[SourceQuality "1"]

1. Nf3 d5 2. d4 Bf5 3. e3 e6 4. Bd3 Bxd3 5. Qxd3 a6 6. a4 Nf6 7. 0-0 c5 8. c4 Nc6 9. cxd5 Nb4 10. Qb3 Qxd5 11. Qxd5 Nbxd5 12. Bd2 cxd4 13. Nxd4 Ne4 14. Rd1 Rd8 15. Be1 Bc5 16. Nb3 Ba7 17. N1d2 Nxd2 18. Rxd2 Ke7 19. Rad1 f5 20. g3 Rc8 21. Rd3 Rc4 22. Nd4 Bxd4 23. Rxd4 Rhc8 24. Rxc4 Rxc4 25. a5 Rc2 26. Rb1 Kd6 27. Bc3 g5 28. Bd4 e5 29. Ba7 g4 30. Kg2 Ke6 31. Kf1 Nf6 32. b4 Ne4 33. Kg1 Nxf2 34. b5 Nh3+ 35. Kf1 Rxh2 36. Rb3 Ra2 37. bxa6 bxa6 38. Rb6+ Kd5 39. Rxa6 Ke4 40. Bb6 Kf3 41. Ke1 Nf2 42. e4 Re2+ 43. Kf1 Nxe4 0-1

[Event "Zadar op-B 23rd"]
[Site "Zadar"]
[Date "2016.12.16"]
[Round "8"]
[White "Yordanov, Nikolay"]
[Black "Glavicic, Tino"]
[Result "1-0"]
[WhiteElo "2146"]
[BlackElo "2037"]
[PlyCount "101"]
[EventDate "2016.12.11"]
[EventType "swiss"]
[EventRounds "9"]
[EventCountry "CRO"]
[SourceTitle "CBM 176 Extra"]
[Source "ChessBase"]
[SourceDate "2017.03.02"]
[SourceVersion "1"]
[SourceVersionDate "2017.03.02"]
[SourceQuality "1"]

1. d4 Nf6 2. Bg5 Ne4 3. Bf4 d5 4. f3 Nf6 5. Nc3 e6 6. e4 Bb4 7. e5 Nfd7 8. a3 Be7 9. Nce2 f6 10. exf6 Nxf6 11. Nh3 c5 12. c3 Nc6 13. b4 c4 14. Qd2 0-0 15. Qe3 b5 16. g4 a5 17. Rb1 axb4 18. axb4 Bd6 19. Bxd6 Qxd6 20. g5 Nh5 21. f4 Ra3 22. Qd2 Ne7 23. Bg2 Ng6 24. 0-0 Nh4 25. Ng3 Nxg3 26. hxg3 Nxg2 27. Kxg2 Bd7 28. Ra1 Rfa8 29. Rxa3 Rxa3 30. Nf2 Qa6 31. Qe3 Ra2 32. Qe5 Rc2 33. Qb8+ Qc8 34. Qxc8+ Bxc8 35. Ra1 Bd7 36. Ra3 Be8 37. Kf3 Bh5+ 38. g4 Be8 39. Nd1 Bg6 40. f5 exf5 41. Ne3 fxg4+ 42. Kxg4 Rc1 43. Nxd5 Kf7 44. Ra7+ Kf8 45. Kf4 Rf1+ 46. Ke5 h5 47. gxh6 gxh6 48. Nf4 Bf7 49. d5 h5 50. d6 h4 51. Ra8+ 1-0

[Event "Zadar op-B 23rd"]
[Site "Zadar"]
[Date "2016.12.13"]
[Round "4"]
[White "Yordanov, Nikolay"]
[Black "Bozanic, Ivica"]
[Result "1/2-1/2"]
[WhiteElo "2146"]
[BlackElo "2216"]
[PlyCount "57"]
[EventDate "2016.12.11"]
[EventType "swiss"]
[EventRounds "9"]
[EventCountry "CRO"]
[SourceTitle "CBM 176 Extra"]
[Source "ChessBase"]
[SourceDate "2017.03.02"]
[SourceVersion "1"]
[SourceVersionDate "2017.03.02"]
[SourceQuality "1"]

1. e4 e5 2. Nf3 Nc6 3. c3 Nf6 4. d4 Nxe4 5. d5 Ne7 6. Nxe5 Ng6 7. Qd4 Nd6 8. Nc4 Qe7+ 9. Be2 Nxc4 10. Qxc4 Ne5 11. Qd4 c5 12. Qd1 d6 13. 0-0 Qd8 14. Re1 Be7 15. Bb5+ Bd7 16. Bxd7+ Qxd7 17. Bf4 Ng6 18. Bg3 0-0 19. Nd2 Bh4 20. Qh5 Bxg3 21. hxg3 Rae8 22. f4 Rxe1+ 23. Rxe1 Re8 24. Re4 Rxe4 25. Nxe4 Qe7 26. Qf5 Nf8 27. Ng5 h6 28. Nf3 Nd7 29. Kh2 1/2-1/2

[Event "Zadar op-B 23rd"]
[Site "Zadar"]
[Date "2016.12.11"]
[Round "1"]
[White "Baljak, Jadranko"]
[Black "Yordanov, Nikolay"]
[Result "0-1"]
[WhiteElo "1803"]
[BlackElo "2146"]
[PlyCount "96"]
[EventDate "2016.12.11"]
[EventType "swiss"]
[EventRounds "9"]
[EventCountry "CRO"]
[SourceTitle "CBM 176 Extra"]
[Source "ChessBase"]
[SourceDate "2017.03.02"]
[SourceVersion "1"]
[SourceVersionDate "2017.03.02"]
[SourceQuality "1"]

1. c4 Nc6 2. Nc3 e5 3. g3 d6 4. Bg2 Be6 5. d3 Qd7 6. e4 g6 7. Nge2 Bg7 8. Be3 Nf6 9. h3 0-0 10. Qd2 Ne8 11. Nd5 Nd8 12. Bh6 c6 13. Bxg7 Kxg7 14. Ne3 c5 15. f4 Nc6 16. g4 f6 17. f5 Bf7 18. h4 Nd4 19. fxg6 hxg6 20. h5 g5 21. 0-0-0 Kh7 22. Rdf1 Be6 23. Nf5 b5 24. b3 a5 25. Nexd4 cxd4 26. Kb1 bxc4 27. bxc4 Nc7 28. Ka1 Na6 29. Rb1 Nb4 30. Rb2 Na6 31. Rhb1 Nc5 32. Rb6 Bxf5 33. exf5 Ra7 34. Bd5 Rd8 35. Qh2 Kh6 36. Qe2 Qa4 37. Be4 Rc7 38. Bd5 Qa3 39. Be4 Qc3+ 40. Qb2 Qxb2+ 41. R6xb2 Nxe4 42. dxe4 Rxc4 43. Rb7 d3 44. Rf7 d2 45. Rxf6+ Kg7 46. Rg6+ Kf8 47. Rf6+ Ke7 48. Re6+ Kd7 0-1

[Event "SRB Central-ch op-A 7th"]
[Site "Paracin"]
[Date "2014.07.12"]
[Round "9"]
[White "Nielsen, Rogvi Egilstoft"]
[Black "Yordanov, Nikolay"]
[Result "1/2-1/2"]
[WhiteElo "2288"]
[BlackElo "2177"]
[PlyCount "77"]
[EventDate "2014.07.04"]
[EventType "swiss"]
[EventRounds "9"]
[EventCountry "SRB"]
[SourceTitle "CBM 161 Extra"]
[Source "ChessBase"]
[SourceDate "2014.08.29"]
[SourceVersion "1"]
[SourceVersionDate "2014.08.29"]
[SourceQuality "1"]

1. e4 d5 2. exd5 Nf6 3. d4 Bg4 4. Nf3 Qxd5 5. Be2 Nc6 6. h3 Bxf3 7. Bxf3 Qd7 8. c3 0-0-0 9. Bf4 e5 10. Bxe5 Nxe5 11. dxe5 Re8 12. 0-0 Qxd1 13. Rxd1 Rxe5 14. Nd2 Be7 15. b4 Bd8 16. a4 h5 17. Nc4 Rf5 18. Rd4 g5 19. Rad1 b6 20. Be2 Be7 21. g4 hxg4 22. hxg4 Rf4 23. Rxf4 gxf4 24. Ne5 c5 25. Nc6 Kc7 26. Nxe7 Re8 27. bxc5 Rxe7 28. cxb6+ axb6 29. Bf3 Rd7 30. Rd4 Rxd4 31. cxd4 Kd6 32. Kg2 Nh7 33. Bd1 Ng5 34. Bb3 f6 35. Kf1 Nf3 36. Bf7 Nxd4 37. Ke1 Nf3+ 38. Ke2 Ne5 39. Be8 1/2-1/2

[Event "SRB Central-ch op-A 7th"]
[Site "Paracin"]
[Date "2014.07.09"]
[Round "7"]
[White "Yordanov, Nikolay"]
[Black "Cvetkovic, Srdjan"]
[Result "1/2-1/2"]
[WhiteElo "2177"]
[BlackElo "2325"]
[PlyCount "41"]
[EventDate "2014.07.04"]
[EventType "swiss"]
[EventRounds "9"]
[EventCountry "SRB"]
[SourceTitle "CBM 161 Extra"]
[Source "ChessBase"]
[SourceDate "2014.08.29"]
[SourceVersion "1"]
[SourceVersionDate "2014.08.29"]
[SourceQuality "1"]

1. e4 c5 2. c3 d5 3. exd5 Qxd5 4. d4 e6 5. Nf3 Nf6 6. a3 Nc6 7. Be3 cxd4 8. cxd4 Be7 9. Nc3 Qd6 10. Bd3 0-0 11. 0-0 Bd7 12. Qe2 Rad8 13. Rad1 g6 14. Bb1 Nd5 15. Ne4 Qc7 16. Ba2 Qa5 17. Bg5 Bxg5 18. Nfxg5 f6 19. Nf3 Qc7 20. Rfe1 Bc8 21. Nc3 1/2-1/2

[Event "SRB Central-ch op-A 7th"]
[Site "Paracin"]
[Date "2014.07.08"]
[Round "5"]
[White "Yordanov, Nikolay"]
[Black "Pantelic, Sasa"]
[Result "0-1"]
[WhiteElo "2177"]
[BlackElo "2312"]
[PlyCount "50"]
[EventDate "2014.07.04"]
[EventType "swiss"]
[EventRounds "9"]
[EventCountry "SRB"]
[SourceTitle "CBM 161 Extra"]
[Source "ChessBase"]
[SourceDate "2014.08.29"]
[SourceVersion "1"]
[SourceVersionDate "2014.08.29"]
[SourceQuality "1"]

1. e4 c5 2. c3 d6 3. d4 Nf6 4. f3 Qa5 5. d5 g6 6. Na3 Bg7 7. Nc4 Qc7 8. a4 0-0 9. Be3 b6 10. Qd2 Ba6 11. Bh6 Bxh6 12. Qxh6 e6 13. dxe6 fxe6 14. 0-0-0 d5 15. exd5 exd5 16. Ne3 Bxf1 17. Nxf1 Qc6 18. Qh4 d4 19. Ne2 Qxa4 20. Nd2 Nc6 21. Ne4 Nxe4 22. Qxe4 Rae8 23. Qd5+ Kh8 24. Rhe1 Na5 25. cxd4 Nc4 0-1

[Event "SRB Central-ch op-A 7th"]
[Site "Paracin"]
[Date "2014.07.04"]
[Round "1"]
[White "Tosic, Srecko"]
[Black "Yordanov, Nikolay"]
[Result "1-0"]
[WhiteElo "2399"]
[BlackElo "2177"]
[PlyCount "75"]
[EventDate "2014.07.04"]
[EventType "swiss"]
[EventRounds "9"]
[EventCountry "SRB"]
[SourceTitle "CBM 161 Extra"]
[Source "ChessBase"]
[SourceDate "2014.08.29"]
[SourceVersion "1"]
[SourceVersionDate "2014.08.29"]
[SourceQuality "1"]

1. e4 c5 2. Nf3 Nc6 3. d4 cxd4 4. Nxd4 Nf6 5. Nc3 d6 6. g3 e5 7. Nde2 Be7 8. Bg2 0-0 9. 0-0 Be6 10. h3 h5 11. Nd5 Bxd5 12. exd5 Nb8 13. c4 a5 14. Nc3 Nbd7 15. Be3 Qc8 16. b3 Nc5 17. Qe2 Re8 18. Rfc1 g6 19. Rab1 Bf8 20. Qc2 Kh7 21. a3 Bh6 22. Bxh6 Kxh6 23. b4 axb4 24. axb4 Na6 25. Nb5 Qd7 26. Qe2 Rac8 27. c5 dxc5 28. bxc5 Kg7 29. Nd6 Nxc5 30. Nxe8+ Qxe8 31. Qc4 Qd8 32. Rxb7 Nxb7 33. Qxc8 Qb6 34. Qc3 Qd6 35. Kh2 h4 36. Re1 hxg3+ 37. fxg3 Nd7 38. Qc6 1-0

[Event "BUL-chT-B 62nd"]
[Site "Sunny Beach"]
[Date "2012.09.23"]
[Round "5.1"]
[White "Yordanov, Nikolay"]
[Black "Milanov, Milan"]
[Result "1-0"]
[WhiteElo "2194"]
[BlackElo "1679"]
[PlyCount "77"]
[EventDate "2012.09.19"]
[EventType "team-swiss"]
[EventRounds "7"]
[EventCountry "BUL"]
[SourceTitle "CBM 150 Extra"]
[Source "ChessBase"]
[SourceDate "2012.10.19"]
[SourceVersion "1"]
[SourceVersionDate "2012.10.19"]
[SourceQuality "1"]
[WhiteTeam "Pleven Spartak XXI"]
[BlackTeam "Slivnitsa Geroy"]
[WhiteTeamCountry "BUL"]
[BlackTeamCountry "BUL"]

1. e4 c5 2. Nf3 Nc6 3. d4 cxd4 4. Nxd4 e6 5. Nc3 a6 6. Be3 Bb4 7. Qd2 Nge7 8. a3 Ba5 9. Nb3 Bb6 10. Bxb6 Qxb6 11. 0-0-0 0-0 12. h4 f5 13. f3 f4 14. Re1 Qc7 15. h5 h6 16. Rh4 b5 17. Ne2 e5 18. g3 fxg3 19. Rg4 d5 20. Rxg3 Kh8 21. Bh3 Bxh3 22. Rxh3 dxe4 23. fxe4 Rad8 24. Qe3 Qd6 25. Qc5 Qd7 26. Rg3 Rc8 27. Qe3 Qc7 28. c3 b4 29. Reg1 Qd6 30. Rxg7 Rf1+ 31. Rxf1 Kxg7 32. Qf2 Qe6 33. Nc5 Qa2 34. axb4 Qc4 35. Qf6+ Kh7 36. Ne6 Rg8 37. Nf8+ Rxf8 38. Qxf8 Ng8 39. Rf7+ 1-0

[Event "BUL-chT-B 62nd"]
[Site "Sunny Beach"]
[Date "2012.09.20"]
[Round "2.3"]
[White "Andreev, Stanislav"]
[Black "Yordanov, Nikolay"]
[Result "1-0"]
[WhiteElo "2167"]
[BlackElo "2194"]
[PlyCount "80"]
[EventDate "2012.09.19"]
[EventType "team-swiss"]
[EventRounds "7"]
[EventCountry "BUL"]
[SourceTitle "CBM 150 Extra"]
[Source "ChessBase"]
[SourceDate "2012.10.19"]
[SourceVersion "1"]
[SourceVersionDate "2012.10.19"]
[SourceQuality "1"]
[WhiteTeam "Sofia CSKA"]
[BlackTeam "Pleven Spartak XXI"]
[WhiteTeamCountry "BUL"]
[BlackTeamCountry "BUL"]

1. d4 d5 2. c4 e6 3. Nc3 c5 4. cxd5 cxd4 5. Qa4+ Bd7 6. Qxd4 exd5 7. Qxd5 Nc6 8. Nf3 Nf6 9. Qb3 Bc5 10. Bg5 h6 11. Bxf6 Qxf6 12. 0-0-0 0-0-0 13. e3 Bf5 14. Bb5 a6 15. Qc4 Bxe3+ 16. fxe3 axb5 17. Nxb5 Be6 18. Qa4 Kb8 19. Nfd4 Rxd4 20. Nxd4 Nxd4 21. Qxd4 Qxd4 22. exd4 Bxa2 23. Kd2 Rd8 24. Kd3 Bd5 25. Rhg1 Rd6 26. g3 Rb6 27. Rd2 Rb3+ 28. Ke2 Kc7 29. Rc1+ Kd7 30. Rc5 Kd6 31. Rc8 Kd7 32. Rc3 Rb6 33. Kd3 Rf6 34. Re2 Rf1 35. Re5 Be6 36. Rb5 Rd1+ 37. Ke3 Re1+ 38. Kd2 Rh1 39. Rxb7+ Kd6 40. h4 Kd5 1-0

[Event "FRA-chT2 0910"]
[Site "France"]
[Date "2009.10.18"]
[Round "3.2"]
[White "Yacob, Francois"]
[Black "Yordanov, Nikolay"]
[Result "0-1"]
[WhiteElo "2168"]
[BlackElo "2200"]
[PlyCount "140"]
[EventDate "2009.09.27"]
[EventType "team-tourn"]
[EventRounds "11"]
[EventCountry "FRA"]
[SourceTitle "EXT 2011"]
[Source "ChessBase"]
[SourceDate "2010.11.26"]
[SourceVersion "1"]
[SourceVersionDate "2010.11.26"]
[SourceQuality "1"]

1. e4 e5 2. Nf3 Nc6 3. Bb5 f5 4. Nc3 fxe4 5. Nxe4 d5 6. Nxe5 dxe4 7. Nxc6 Qd5 8. c4 Qd6 9. Qh5+ g6 10. Qe5+ Qxe5 11. Nxe5+ c6 12. Ba4 Bg7 13. d4 exd3 14. Nxd3 Bf5 15. Nf4 0-0-0 16. 0-0 Nf6 17. Bb3 Ne4 18. g4 Bd7 19. f3 Bd4+ 20. Kg2 Nc5 21. Ne2 Nxb3 22. axb3 Bb6 23. Bg5 Rde8 24. Nc3 a6 25. Ne4 Bc7 26. Rfe1 h5 27. Bf6 hxg4 28. Bxh8 Rxh8 29. f4 Bxf4 30. Ng3 c5 31. Nf1 Bc6+ 32. Kg1 Kc7 33. Rad1 Rh3 34. b4 cxb4 35. c5 Rh5 36. Rd4 g5 37. Re7+ Kc8 38. Rxb4 a5 39. Rd4 Bb5 40. Ng3 Rh8 41. Nf5 Bxh2+ 42. Kf2 Rf8 43. Kg2 Rxf5 44. Kxh2 Rxc5 45. Rxg4 Bc6 46. Kg1 a4 47. Rb4 Kb8 48. Rg7 Ka7 49. Kf2 Ka6 50. Ke3 Ka5 51. Rg4 Rc2 52. R7xg5+ b5 53. Rg6 Kb6 54. b4 axb3 55. Rb4 Rh2 56. Rg3 Bd5 57. Kd4 Ka5 58. Rgxb3 Bxb3 59. Rxb3 b4 60. Rb1 Ka4 61. Ra1+ Kb3 62. Rb1+ Rb2 63. Rd1 Rh2 64. Rb1+ Ka3 65. Ra1+ Kb2 66. Ra7 b3 67. Rb7 Kc2 68. Rc7+ Kb1 69. Rg7 Rh3 70. Rg1+ Ka2 0-1